| 000 | | | 05294ckm2a2200000#x 450 |
| 001 | | | 60c1e8ae-8b56-498c-a670-ee2e0a540fa9 |
| 005 | | | 20240426112514.0 |
| 100 | ## | $a | 20140707l18891889k l0rusy0189 ca |
| 101 | 0# | $a | rus |
| 102 | ## | $a | RU |
| 200 | 1# | $a | Памятник А. С. Пушкину в городе Одессе Херсонской губернии |
| | $e | без даты |
| | $j | [Не ранее 1889 года] |
| 251 | ## | $c | Дело |
| 300 | ## | $a | Оригинальный заголовок дела: Памятник А. С. Пушкину в Одессе. Херсонская губерния |
| 300 | ## | $a | В конверте |
| 300 | ## | $a | Фотография черно-белая, наклеена на картон, в рамке с художественным оформлением. На лицевой и оборотной стороне - рукописные пометы |
| 801 | #0 | $a | RU |
| | $b | РГИА |
| | $c | 20140707 |
| 801 | #1 | $a | RU |
| | $b | ГлавНИВЦ |
| | $c | 20140707 |
| | $2 | rusmarc |
| 801 | #2 | $a | RU |
| | $b | ПБ им. Б.Н. Ельцина |
| | $c | 20160229 |
| | $g | RCR |
| | $2 | rusmarc |
| 850 | ## | $a | Федеральное казенное учреждение "Российский государственный исторический архив" |
| 852 | ## | $a | РГИА |
| | $j | 2604 |
| 937 | ## | $h | РГИА |
| | $d | 11166969 |
| | $a | ASBIBLIO_SCAN |
| 462 | #0 | $1 | 001074eb75f-1902-4909-a924-b21579da7b9b |
| | $1 | 2001 |
| | $a | Коллекция фотографий Техническо-строительного комитета МВД древних и архитектурно-скульптурных памятников России |
| | $v | Д. 2604 |
| | $1 | 251 |
| | $c | Опись |
| | $1 | 852 |
| | $j | 169 |
| 461 | #0 | $1 | 001597a3917-b61a-443f-a337-cac2b95e7413 |
| | $1 | 2001 |
| | $a | Техническо-строительный комитет МВД |
| | $1 | 251 |
| | $c | Фонд |
| | $1 | 852 |
| | $j | 1293 |
| 215 | ## | $a | 1 лист |
| | $c | фот. |
| | $d | 21х30 см |
| 371 | ## | $a | Документ не является опубликованным и широко распространяемым |
| 105 | ## | $a | a### |
| 122 | 0# | $a | d1889###### |
| 517 | 1# | $a | Памятник А. С. Пушкину в Одессе. Херсонская губерния |
| 035 | ## | $a | 60c1e8ae-8b56-498c-a670-ee2e0a540fa9 |
| 607 | ## | $a | Пушкину Александру Сергеевичу, памятник (Одесса, город; Украина) |
| | $2 | prlib_sh |
| | $3 | LIBNET\UAF\0000111932 |
| | $j | Архивные дела |
| 605 | ## | $2 | acquisition_Prlib |
| | $3 | LIBNET\UAF\0000060545 |
| | $a | А. С. Пушкин |
| | $l | коллекция |
| 686 | ## | $2 | rubbk |
| | $a | 83.3(2=411.2)52-8Пушкин, А. С.ю1 |
| | $v | LBC/M |
| 686 | ## | $a | 85.136.155(4Укр)5ю1 |
| | $v | LBC/M |
| | $2 | rubbk |
| 600 | #1 | $2 | prlib_sh |
| | $3 | LIBNET\UAF\0000106640 |
| | $a | Пушкин |
| | $g | Александр Сергеевич |
| | $b | А.С. |
| | $f | 1799 - 1837 |
| | $x | Увековечение памяти |
| | $j | Архивные дела |